<?xml version="1.0" encoding="UTF-8"?>
<marc:record xmlns:marc="http://www.loc.gov/MARC21/slim">
   <marc:leader>00000nam a2200000 a 4500</marc:leader>
   <marc:datafield ind1=" " ind2=" " tag="653">
      <marc:subfield code="a">Kartenspiel</marc:subfield>
   </marc:datafield>
   <marc:datafield ind1=" " ind2=" " tag="653">
      <marc:subfield code="a">ab 3-Jahren</marc:subfield>
   </marc:datafield>
   <marc:datafield ind1="0" ind2="0" tag="245">
      <marc:subfield code="a">Bewegungs Mau Mau</marc:subfield>
   </marc:datafield>
   <marc:datafield ind1="0" ind2="0" tag="245">
      <marc:subfield code="b">Mauseschlau &amp; Bärenstark</marc:subfield>
   </marc:datafield>
   <marc:datafield ind1=" " ind2="1" tag="264">
      <marc:subfield code="b">Schmidt Spiele GmbH.</marc:subfield>
      <marc:subfield code="c">2024</marc:subfield>
   </marc:datafield>
   <marc:datafield ind1="1" ind2=" " tag="520">
      <marc:subfield code="a">für 2-4 Spieler
Spieldauer: 15 Minuten
empfohlen ab 3 Jahren

Die Maus Mo und der Bär Bo lieben es, Mau Mau zu spielen. Doch Bo ist das ohne Bewegung etwas zu langweilig. Ob du Grimassen schneidest, singst oder dich verbiegst: Lege möglichst schnell alle deine Karten ab und mache alle Übungen richtig nach, um bei diesem sportlich-spaßigen Kartenspiel zu gewinnen.</marc:subfield>
   </marc:datafield>
   <marc:datafield ind1="3" ind2=" " tag="024">
      <marc:subfield code="a">4001504750589</marc:subfield>
   </marc:datafield>
</marc:record>
